[Event "EU-ch U10 Girls 27th"]
[Site "Mamaia"]
[Date "2017.09.08"]
[Round "4"]
[White "Tqeshelashvili, Veronika"]
[Black "Stoenescu, Ioana Teodora"]
[Result "1-0"]
[WhiteElo "1234"]
[BlackElo "1094"]
[PlyCount "94"]
[EventDate "2017.09.05"]
[EventType "swiss"]
[EventRounds "9"]
[EventCountry "ROU"]
[SourceTitle "CBM 180 Extra"]
[Source "ChessBase"]
[SourceDate "2017.10.06"]
[SourceVersion "1"]
[SourceVersionDate "2017.10.06"]
[SourceQuality "1"]

1. e4 e6 2. d4 d5 3. Nd2 c5 4. exd5 exd5 5. dxc5 Bxc5 6. Qe2+ Ne7 7. Nb3 Bb6 8. Bd2 0-0 9. 0-0-0 Bf5 10. h4 Qc7 11. Bc3 Nbc6 12. Kb1 Rfe8 13. Qd2 Qd6 14. h5 h6 15. Bd3 Qd7 16. g4 Bxd3 17. cxd3 Qxg4 18. Nh3 d4 19. Rhg1 Qxh3 20. Qxh6 Nf5 21. Rxg7+ Kf8 22. Rxf7+ Kxf7 23. Qh7+ Ng7 24. Qg6+ Kf8 25. Qf6+ Kg8 26. h6 Qg2 27. Bd2 Re7 28. hxg7 Qxg7 29. Qh4 Re6 30. Bg5 Kf7 31. f4 Ke8 32. f5 Re2 33. f6 Qf7 34. Qh8+ Qf8 35. f7+ Kxf7 36. Rf1+ Kg6 37. Rxf8 Rxf8 38. Qh6+ Kf7 39. Qh5+ Kg8 40. Qxe2 Kg7 41. Qh5 Rf1+ 42. Nc1 Nb4 43. Bh6+ Kf6 44. Qg5+ Ke6 45. Qg8+ Kd7 46. Qg7+ Kc6 47. Qg2+ Kc7 1-0

[Event "EU-ch U10 Girls 27th"]
[Site "Mamaia"]
[Date "2017.09.05"]
[Round "1"]
[White "Mikhailina, Olga"]
[Black "Stoenescu, Ioana Teodora"]
[Result "1/2-1/2"]
[WhiteElo "1365"]
[BlackElo "1094"]
[PlyCount "60"]
[EventDate "2017.09.05"]
[EventType "swiss"]
[EventRounds "9"]
[EventCountry "ROU"]
[SourceTitle "CBM 180 Extra"]
[Source "ChessBase"]
[SourceDate "2017.10.06"]
[SourceVersion "1"]
[SourceVersionDate "2017.10.06"]
[SourceQuality "1"]

1. e4 e6 2. d4 d5 3. Nd2 c5 4. Ngf3 Nc6 5. c3 Qb6 6. exd5 exd5 7. Qe2+ Be7 8. Qb5 Nf6 9. Bd3 0-0 10. 0-0 Qc7 11. dxc5 a6 12. Qb6 Qxb6 13. cxb6 Bc5 14. Re1 Bd7 15. Nb3 Bxb6 16. Nbd4 Rfe8 17. Bg5 Ne4 18. Bxe4 dxe4 19. Nd2 Nxd4 20. cxd4 Bxd4 21. Nxe4 Bc6 22. Nc3 h5 23. Bd2 Rad8 24. Rad1 Rxe1+ 25. Rxe1 Rd6 26. Kf1 b5 27. a3 Bxf2 28. Kxf2 Rxd2+ 29. Re2 Rd6 30. g3 Rf6+ 1/2-1/2

[Event "ROM-ch U08 Girls"]
[Site "Calimanesti Caciulata"]
[Date "2016.04.23"]
[Round "7"]
[White "Stoenescu, Ioana Teodora"]
[Black "Apostol, Maria"]
[Result "0-1"]
[WhiteElo "1050"]
[BlackElo "1105"]
[PlyCount "114"]
[EventDate "2016.04.18"]
[EventType "swiss"]
[EventRounds "9"]
[EventCountry "ROU"]
[SourceTitle "CBM 172 Extra"]
[Source "ChessBase"]
[SourceDate "2016.06.21"]
[SourceVersion "1"]
[SourceVersionDate "2016.06.21"]
[SourceQuality "1"]

1. g4 d5 2. Bg2 Nf6 3. h3 e6 4. d3 Be7 5. g5 Ng8 6. Nf3 Bd7 7. Bf4 Nc6 8. Nc3 f6 9. Qd2 e5 10. Bg3 Be6 11. gxf6 Nxf6 12. e4 d4 13. Ne2 Qd6 14. c3 dxc3 15. Nxc3 0-0-0 16. 0-0 Nb4 17. Bxe5 Qxd3 18. Qxd3 Nxd3 19. Nb5 Nxe5 20. Nxe5 Bd6 21. Nxd6+ Rxd6 22. f4 Rhd8 23. f5 Bg8 24. Nf3 Nxe4 25. Ne5 Ng3 26. Rf3 Ne4 27. Ra3 Rd1+ 28. Rxd1 Rxd1+ 29. Kh2 Nc5 30. b4 Na6 31. Nc6 Re1 32. Nxa7+ Kb8 33. Nc6+ Kc8 34. b5 Re2 35. Kg1 Rxa2 36. Rxa2 Bxa2 37. bxa6 bxc6 38. Bxc6 Kb8 39. Bb5 Ka7 40. Kf2 Bb1 41. Ke3 Bxf5 42. Kd4 Kb6 43. Kc4 c6 44. Bxc6 Bxh3 45. Bb7 Ka7 46. Kb5 g5 47. Be4 h5 48. Bg6 h4 49. Bd3 Bg2 50. Bf5 Bf1+ 51. Ka5 Bg2 52. Bg4 h3 53. Bxh3 Bxh3 54. Kb4 g4 55. Kc3 g3 56. Kd2 g2 57. Ke2 g1Q 0-1

[Event "ROM-ch U08 Girls"]
[Site "Calimanesti Caciulata"]
[Date "2016.04.19"]
[Round "2"]
[White "Stoenescu, Ioana Teodora"]
[Black "Maria, Lia Alexandra"]
[Result "0-1"]
[WhiteElo "1050"]
[BlackElo "1337"]
[PlyCount "78"]
[EventDate "2016.04.18"]
[EventType "swiss"]
[EventRounds "9"]
[EventCountry "ROU"]
[SourceTitle "CBM 172 Extra"]
[Source "ChessBase"]
[SourceDate "2016.06.21"]
[SourceVersion "1"]
[SourceVersionDate "2016.06.21"]
[SourceQuality "1"]

1. d4 Nf6 2. g3 e6 3. Bg2 Be7 4. b3 d6 5. Bb2 Nbd7 6. Nf3 0-0 7. 0-0 c5 8. c3 Qb6 9. Nbd2 cxd4 10. cxd4 Rb8 11. e4 d5 12. e5 Ne8 13. Re1 f6 14. exf6 Nexf6 15. Rc1 Qd8 16. Rxe6 Nc5 17. Re2 Nd3 18. Rb1 Nxb2 19. Rxb2 Kh8 20. Qe1 Ba3 21. Rc2 Bf5 22. Rc3 Bb4 23. Rc1 Ne4 24. Qd1 Nc3 25. Qe1 Nxe2+ 26. Qxe2 Bg4 27. Rd1 Qf6 28. Qe3 Bxd2 29. Rxd2 Bxf3 30. Bxf3 Qxf3 31. Re2 Qxe3 32. Rxe3 Rbd8 33. Re7 Rb8 34. Rd7 Rf5 35. h4 Rbf8 36. Kg2 Rxf2+ 37. Kh3 h6 38. Rxd5 g6 39. g4 R8f3# 0-1